000 00691nam a2200205Ia 4500
005 20250508165925.0
008 008 250505s9999 xx 000 0 eng d
037 _aTextBook
040 _aFEDL
_beng
_cFEDL
041 _aeng
_2eng
084 _a372, JHA/R
_qFEDL
100 _aJha Jyotsna
_9460053
245 0 _aElementary education for the poorest and other deprived groups: The real challenge of Universalisation
260 _aNew Delhi, India
_bCentre for Policy Research
_c2002
300 _a255p.
546 _aGifted by Namita Ranganthan in memory of Prof. Arvind Gaysu
700 _a Jhingran Dhir
_9782427
942 _cTB
_h372, JHA/R
999 _c1398218
_d1398218